000 00577nam a2200193 i 4500
001 52719
003 ES-MaACL
005 20230906162632.0
007 t|
008 030903s1964 sp ||||1| spa d
100 1 _aDebré, Robert.
_943134
245 1 3 _aEl sueño del niño /
_cRobert Debré y Alice Doumic ; prólogo Georges Henyer.
250 _a[1ª ed.].
260 _aBarcelona :
_bLuis Miracle,
_c1964.
300 _a226p., 11 graf. :
_bil. ;
_c19 cm.
700 1 _aDoumic, Alice.
_945506
700 1 _aHenyer, Georges.
_962617
852 _aES-MaACL
_jF-7307
_bR.56361
999 _c52719
_d52719